[Event "ch-FRA Blitz Online Qual"]
[Site "Europe-Chess INT"]
[Date "2020.05.16"]
[Round "15"]
[White "Mataigne, Jean-Michel"]
[Black "Senegas, Pascal"]
[Result "1-0"]
[WhiteElo "1900"]
[BlackElo "1654"]
[WhiteFideId "618250"]
[BlackFideId "45102074"]
[EventDate "2020.05.16"]

1. e4 e5 2. Nf3 Nc6 3. d3 Bc5 4. g3 Nf6 5. Bg2 d6 6. O-O Bg4 7. h3 Bh5 8. Nc3
O-O 9. Na4 Bb6 10. Nxb6 axb6 11. b3 Ne7 12. Bb2 c6 13. Qe1 Bxf3 14. Bxf3 Ng6 15.
h4 Re8 16. h5 Ne7 17. g4 g6 18. h6 Kh8 19. Qe2 Neg8 20. g5 Nd7 21. Bc1 f6 22.
gxf6 Ndxf6 23. Bg5 Qd7 24. Bg2 Rf8 25. f4 exf4 26. Bxf4 Nh5 27. Bh2 Nxh6 28. e5
dxe5 29. Bxe5+ Ng7 30. d4 Rxf1+ 31. Rxf1 Rxa2 32. Rf8+ Ng8 33. Qc4 Ra1+ 34. Kh2
Rh1+ 35. Kxh1 Qd5 36. Bxd5 cxd5 37. Qxd5 1-0

[Event "ch-FRA Blitz Online Qual"]
[Site "Europe-Chess INT"]
[Date "2020.05.16"]
[Round "15"]
[White "Maugin, Narada"]
[Black "Buttard, Axel"]
[Result "1-0"]
[WhiteElo "1947"]
[BlackElo "1883"]
[WhiteFideId "45165025"]
[BlackFideId "36052523"]
[EventDate "2020.05.16"]

1. c4 Nf6 2. Nc3 e6 3. e4 d5 4. e5 d4 5. exf6 dxc3 6. bxc3 Qxf6 7. Nf3 c5 8. Be2
Nc6 9. O-O Be7 10. d4 h6 11. d5 Ne5 12. Nxe5 Qxe5 13. Qd2 O-O 14. Bf3 Rb8 15.
Re1 Qf6 16. d6 Bd8 17. d7 Bxd7 18. Qxd7 Qxc3 19. Bf4 Bf6 20. Bxb8 Rxb8 21. Rac1
Qb2 22. Rb1 Qc3 23. Rec1 Qa3 24. Bxb7 Qxa2 25. Qd6 Rd8 26. Qa6 Qe2 27. Bf3 Qd3
28. Qxa7 Bd4 29. Qc7 Ra8 30. Bxa8 Qd2 31. Qd8+ Kh7 32. Be4+ f5 33. Qh4 fxe4 34.
Qxe4+ g6 35. Rb7+ Kh8 36. Rb8+ Kg7 37. Qb7+ Kf6 38. Rf8+ Ke5 39. Qc7+ Ke4 40.
Qb7+ Kd3 41. Qb3+ Ke4 42. Qf3+ Ke5 43. Qf6+ Ke4 44. Qxg6+ Ke5 45. Qf6+ Ke4 46.
Qf3+ Ke5 47. Rd1 Bxf2+ 48. Kh1 1-0

[Event "ch-FRA Blitz Online Qual"]
[Site "Europe-Chess INT"]
[Date "2020.05.16"]
[Round "15"]
[White "Breuil, Virgile"]
[Black "Evrin, Selvam"]
[Result "1-0"]
[WhiteElo "1622"]
[BlackElo "1882"]
[WhiteFideId "45163693"]
[BlackFideId "36094404"]
[EventDate "2020.05.16"]

1. e4 c5 2. c3 Nf6 3. e5 Nd5 4. d4 cxd4 5. cxd4 Nc6 6. Nf3 d6 7. exd6 Qxd6 8.
Nc3 Bf5 9. Be2 e6 10. O-O Be7 11. Nb5 Qd8 12. Be3 O-O 13. Nc3 Bf6 14. Bd3 Bg4
15. Be2 a6 16. Qd2 Rc8 17. Rac1 Nxc3 18. bxc3 b5 19. h3 Bh5 20. Rfd1 Na5 21. Qb2
Nc4 22. Bxc4 Rxc4 23. g4 Bg6 24. Nd2 Rc8 25. Nb3 Qd5 26. Nc5 h5 27. Qb3 Qf3 28.
Nd7 Rfd8 29. Nxf6+ gxf6 30. gxh5 Be4 31. Kf1 Qxh5 32. Ke1 b4 33. Kd2 bxc3+ 34.
Rxc3 Rxc3 35. Qxc3 Qd5 36. Rg1+ Kf8 37. Bh6+ Ke7 38. Be3 e5 39. Qb4+ Ke6 40.
Qb6+ Qd6 41. Qxd6+ Rxd6 42. Kc3 exd4+ 43. Bxd4 Bf5 44. Re1+ Kd7 45. Bc5 Rc6 46.
Re7+ Kd8 47. Kd4 Be6 48. Ra7 Kc8 49. h4 f5 50. h5 f4 51. h6 Bf5 52. Rxf7 Bg6 53.
h7 1-0

[Event "ch-FRA Blitz Online Qual"]
[Site "Europe-Chess INT"]
[Date "2020.05.16"]
[Round "15"]
[White "Del Giovane, Fabio"]
[Black "Percheron, Andre"]
[Result "1/2-1/2"]
[WhiteElo "1629"]
[BlackElo "1846"]
[WhiteFideId "45142190"]
[BlackFideId "20607091"]
[EventDate "2020.05.16"]

1. e4 c5 2. Nf3 Nc6 3. Bb5 d6 4. Bxc6+ bxc6 5. O-O g6 6. c3 Bg7 7. d4 cxd4 8.
cxd4 Bg4 9. Be3 Nf6 10. Nc3 O-O 11. h3 Bd7 12. e5 Nd5 13. Nxd5 cxd5 14. exd6
exd6 15. Bg5 Qb6 16. b3 Rfe8 17. Be3 a5 18. Qd2 Re4 19. Rac1 Rc8 20. Rxc8+ Bxc8
21. Rc1 Re8 22. Qc3 Bf5 23. Qc6 Qxc6 24. Rxc6 a4 25. b4 Bb1 26. a3 Bf8 27. b5
Rb8 28. b6 Be7 29. Bf4 Kf8 30. Bxd6 Bxd6 31. Rxd6 Ke7 32. Rc6 Be4 33. Ne5 f6 34.
Rc7+ Kd6 35. Rd7+ Ke6 36. Re7+ Kxe7 37. Nc6+ Kd7 38. Nxb8+ Kc8 39. Nc6 Kb7 40.
Na5+ Kxb6 41. f3 Bd3 42. Kf2 Kxa5 43. Ke3 Bc4 44. Kd2 Kb6 45. Kc3 Bb3 46. f4 Kc6
47. g4 Kd6 48. Kd3 f5 49. g5 Ke6 50. h4 Kf7 51. Kc3 Kg7 52. Kb4 h6 53. Kc5 hxg5
54. hxg5 Kf7 55. Kd6 Bc4 56. Kc5 Ke6 57. Kb4 Bb3 58. Kc5 Kd7 59. Kb6 Kd6 60. Kb5
Kc7 61. Kc5 Bc4 62. Kb4 Bb3 63. Kc5 Kd7 64. Kb5 Kd6 65. Kb6 Bd1 66. Kb5 Kc7 67.
Kc5 Bb3 1/2-1/2

[Event "ch-FRA Blitz Online Qual"]
[Site "Europe-Chess INT"]
[Date "2020.05.16"]
[Round "15"]
[White "Bonelli Maestracci, Pierre Joseph"]
[Black "Dimey, Cyrille"]
[Result "1/2-1/2"]
[WhiteElo "1545"]
[BlackElo "1871"]
[WhiteFideId "45172870"]
[BlackFideId "20658273"]
[EventDate "2020.05.16"]

1. e4 e6 2. d4 d5 3. exd5 exd5 4. c3 Nc6 5. Bd3 Bd6 6. Nf3 Nge7 7. O-O Bg4 8.
Nbd2 Qd7 9. Re1 h6 10. Qc2 O-O 11. b3 Bf5 12. Bxf5 Nxf5 13. Bb2 Rfe8 14. a3 Rad8
15. Rad1 Re6 16. Rxe6 fxe6 17. c4 Bf4 18. Nf1 Bd6 19. Qe2 Re8 20. Re1 Nd8 21.
cxd5 Qe7 22. Qc4 Qf7 23. dxe6 Nxe6 24. Ne5 Bxe5 25. Rxe5 c6 26. Qe2 Nc7 27.
Rxe8+ Nxe8 28. Qe5 Nc7 29. Ne3 Nxe3 30. Qxe3 Nd5 31. Qd2 Qf5 32. g3 Qf8 33. Kg2
Qd6 34. Qe2 Qd7 35. Qe5 Qf7 36. b4 a6 37. Bc1 Qd7 38. Bf4 Nf6 39. Qb8+ Kh7 40.
Qe5 Kg8 41. Be3 Nd5 42. Bf4 Nf6 1/2-1/2

[Event "ch-FRA Blitz Online Qual"]
[Site "Europe-Chess INT"]
[Date "2020.05.16"]
[Round "15"]
[White "Bellahcene, Meriem"]
[Black "Duprey, Francois-xavier"]
[Result "1-0"]
[WhiteElo "1936"]
[BlackElo "1613"]
[WhiteFideId "20655347"]
[BlackFideId "20612516"]
[EventDate "2020.05.16"]

1. e4 c5 2. Nc3 Nc6 3. g3 Nf6 4. Bg2 g6 5. d3 Bg7 6. f4 d6 7. Nf3 O-O 8. O-O Bg4
9. h3 Bxf3 10. Qxf3 Nd4 11. Qf2 a6 12. Be3 e5 13. f5 Qb6 14. Rab1 Qc7 15. g4 b5
16. g5 Nh5 17. Nd5 Qd8 18. f6 Bh8 19. Ne7+ Qxe7 20. fxe7 Rfe8 21. Qxf7# 1-0

[Event "ch-FRA Blitz Online Qual"]
[Site "Europe-Chess INT"]
[Date "2020.05.16"]
[Round "15"]
[White "Barrera, Armando"]
[Black "Condat, Hugo"]
[Result "1-0"]
[WhiteElo "1486"]
[BlackElo "1961"]
[WhiteFideId "551036657"]
[BlackFideId "26027402"]
[EventDate "2020.05.16"]

1. d4 f5 2. c4 Nf6 3. Bg5 e6 4. Bxf6 Qxf6 5. Nc3 Be7 6. Nf3 O-O 7. e3 b6 8. Be2
Bb7 9. O-O d6 10. d5 e5 11. Rc1 a5 12. e4 f4 13. Re1 Na6 14. a3 Bc8 15. Bf1 g5
16. Nd2 g4 17. f3 Qh4 18. fxg4 Bxg4 19. Be2 Bxe2 20. Qxe2 Kh8 21. Qf3 Rg8 22.
Kh1 Rg6 23. Nf1 Rag8 24. Rb1 h6 25. Re2 Nc5 26. b4 axb4 27. axb4 Nd7 28. Nb5 Bd8
29. Ra1 Nf6 30. Ra7 R6g7 31. c5 bxc5 32. bxc5 Nh5 33. cxd6 cxd6 34. Rxg7 Rxg7
35. Nxd6 Ng3+ 36. Nxg3 Rxg3 37. Qf2 Qh5 38. Nf5 Rg5 39. Re1 Qg6 40. d6 h5 41. d7
Rg4 42. Rc1 Qg5 43. Rc8 h4 44. h3 Rg3 45. Nd6 Kg7 46. Ne8+ Kf7 47. Nd6+ Kg7 48.
Nf5+ Kh7 49. Nxg3 fxg3 50. Qf7+ Kh6 51. Qf8+ Kh7 52. Qxd8 Qc1+ 53. Rxc1 1-0

[Event "ch-FRA Blitz Online Qual"]
[Site "Europe-Chess INT"]
[Date "2020.05.16"]
[Round "15"]
[White "Pierre, Timothee"]
[Black "Trevisiol, Antoine"]
[Result "1-0"]
[WhiteElo "1858"]
[BlackElo "1788"]
[WhiteFideId "643076"]
[BlackFideId "45136530"]
[EventDate "2020.05.16"]

1. f4 g6 2. Nf3 Bg7 3. c3 c5 4. e3 d5 5. d4 Nd7 6. Be2 Nh6 7. O-O O-O 8. Qe1 Nf5
9. g4 Nd6 10. Kh1 Nf6 11. Ne5 Nfe4 12. Nd2 f6 13. Nxe4 Nxe4 14. Nd3 c4 15. Nf2
Nd6 16. Bf3 Qa5 17. h3 b6 18. e4 dxe4 19. Nxe4 Bb7 20. Nxd6 Bxf3+ 21. Rxf3 exd6
22. Qe6+ Kh8 23. Qxc4 Rac8 24. Qd3 Qd5 25. Bd2 Rfe8 26. b3 Re7 27. Kg2 Rce8 28.
Kf2 Qa5 29. a4 Qd5 30. Re1 Rxe1 31. Bxe1 Qxb3 32. Re3 Qxa4 33. Rxe8+ Qxe8 34.
Qa6 Qb8 35. Bd2 Kg8 36. Qc4+ Kf8 37. Qd5 Qc7 38. c4 Qd8 39. Bb4 Ke7 40. Qb7+ Qd7
41. Qd5 a5 42. Ba3 Bf8 43. Kg3 Ke8 44. Qe4+ Kd8 45. Qa8+ Qc8 46. Qd5 Qc7 47. h4
Ke7 48. f5 Ke8 49. Qe6+ Qe7 50. Qc8+ Kf7 51. Kf3 Kg7 52. d5 h6 53. Qe6 Qxe6 54.
dxe6 Be7 55. Ke4 gxf5+ 56. gxf5 Kf8 57. Kd5 Ke8 58. Kc6 Bd8 59. Bxd6 Be7 60. Bc7
a4 61. Bxb6 a3 62. Bd4 a2 63. c5 Bd8 64. Kb7 Ke7 65. c6 h5 66. c7 Bxc7 67. Kxc7
Ke8 68. Kd6 Kd8 69. e7+ Ke8 70. Bc3 Kf7 71. Kd7 Kg7 72. e8=Q Kh6 73. Ke7 Kh7 74.
Qf7+ Kh6 75. Bd2# 1-0

[Event "ch-FRA Blitz Online Qual"]
[Site "Europe-Chess INT"]
[Date "2020.05.16"]
[Round "15"]
[White "Joly, Fabrice"]
[Black "Ciarletta, Ulysse"]
[Result "1-0"]
[WhiteElo "1957"]
[BlackElo "1599"]
[WhiteFideId "612235"]
[BlackFideId "45133000"]
[EventDate "2020.05.16"]

1. e4 c5 2. b4 cxb4 3. a3 bxa3 4. Nxa3 Nc6 5. d4 g6 6. c3 Bg7 7. Be3 e5 8. d5
Nce7 9. Nb5 d6 10. Nxa7 Bd7 11. Nb5 Bxb5 12. Bxb5+ Kf8 13. Rxa8 Qxa8 14. Ne2 f5
15. f3 f4 16. Bf2 Nf6 17. O-O g5 18. Qb3 h5 19. Qb4 Qd8 20. c4 g4 21. c5 dxc5
22. Bxc5 gxf3 23. gxf3 Bh6 24. Kh1 Kf7 25. Bc4 Kf8 26. Qxb7 Nd7 27. Ba3 Rg8 28.
Qa6 Rg6 29. Bxe7+ 1-0

[Event "ch-FRA Blitz Online Qual"]
[Site "Europe-Chess INT"]
[Date "2020.05.16"]
[Round "15"]
[White "Bellahcene, Sofia"]
[Black "Bui, Christopher"]
[Result "1-0"]
[WhiteElo "1948"]
[BlackElo "1849"]
[WhiteFideId "26075954"]
[BlackFideId "45107998"]
[EventDate "2020.05.16"]

1. e4 c5 2. Nf3 d6 3. d4 cxd4 4. Nxd4 Nf6 5. Nc3 a6 6. a4 e6 7. Nb3 Be7 8. f4
Nbd7 9. g4 O-O 10. Bg2 Qc7 11. O-O e5 12. g5 Ne8 13. f5 b6 14. Rf3 Bb7 15. Rh3
Nc5 16. Qh5 h6 17. f6 Bd8 18. fxg7 Nxg7 19. Qxh6 f5 20. g6 Nh5 21. Qxh5 Qg7 22.
Bh6 1-0

[Event "ch-FRA Blitz Online Qual"]
[Site "Europe-Chess INT"]
[Date "2020.05.16"]
[Round "15"]
[White "Oney, Remel"]
[Black "Vie, Maxence"]
[Result "1-0"]
[WhiteElo "1781"]
[BlackElo "1648"]
[WhiteFideId "6310125"]
[BlackFideId "45150168"]
[EventDate "2020.05.16"]

1. d4 f5 2. Nc3 Nf6 3. Bf4 g6 4. Qd2 h6 5. f3 g5 6. Bg3 d6 7. O-O-O Bg7 8. e4
O-O 9. Bc4+ d5 10. Nxd5 f4 11. Nxf4+ Kh7 12. Ne6 Bxe6 13. Bxe6 Nbd7 14. e5 Nh5
15. Qd3+ Kh8 16. Ne2 c5 17. Qg6 Nf4 18. Bxf4 gxf4 19. g4 Rc8 20. g5 Nf6 21. gxh6
Bxh6 22. Qxh6+ Nh7 23. dxc5 Qe8 24. Bxc8 Qxc8 25. Rhg1 Rf7 26. Rg4 e6 27. Rdg1
Qf8 28. Rg8+ Qxg8 29. Rxg8+ Kxg8 30. Qg6+ Rg7 31. Qxe6+ Kh8 32. Nxf4 Ng5 33.
Qe8+ Rg8 34. Qh5+ Nh7 35. Ng6+ Kg7 36. f4 Nf8 37. Nxf8 Kxf8 38. f5 Rg1+ 39. Kd2
Rg2+ 40. Kc3 Rf2 41. e6 1-0

[Event "ch-FRA Blitz Online Qual"]
[Site "Europe-Chess INT"]
[Date "2020.05.16"]
[Round "15"]
[White "Huynh, Nicolas"]
[Black "Sithisak, William"]
[Result "1/2-1/2"]
[WhiteElo "1836"]
[BlackElo "1692"]
[WhiteFideId "36081302"]
[BlackFideId "45120749"]
[EventDate "2020.05.16"]

1. e4 c5 2. Nf3 Nc6 3. d4 cxd4 4. Nxd4 g6 5. c4 Bg7 6. Be3 Nf6 7. Nc3 d6 8. Be2
O-O 9. Rc1 Nxd4 10. Bxd4 Be6 11. b3 Qa5 12. O-O a6 13. Qd2 Rfc8 14. Rfd1 Qd8 15.
f3 Nd7 16. Be3 Nc5 17. Bd3 Nxd3 18. Qxd3 Qa5 19. a4 Qb4 20. Nd5 Bxd5 21. exd5
Rab8 22. Bd2 Qc5+ 23. Be3 Qb4 24. Bd2 Qc5+ 25. Kh1 Qc7 26. Re1 Qd7 27. Qe2 Bf6
28. Bc3 Bxc3 29. Rxc3 Rc7 30. Re3 Kf8 31. Re4 b5 32. axb5 axb5 33. Qe3 h5 34.
Qh6+ Kg8 35. Qg5 bxc4 36. bxc4 Rb4 37. Qf4 Qd8 38. h3 Rbb7 39. g4 hxg4 40. hxg4
Kg7 41. Kg2 Rb2+ 42. Kg3 Qh8 43. R1e2 Rxe2 44. Rxe2 Kf8 45. g5 Ra7 46. Qe3 Rd7
47. Ra2 Rd8 48. Ra7 Re8 49. c5 dxc5 50. Qxc5 Qh1 51. Qf2 Qh5 52. f4 Qh8 53. Ra3
Qg7 54. Rd3 Kg8 55. Kg4 Qh7 56. Qh4 Qxh4+ 57. Kxh4 Kg7 58. Kg4 Rd8 59. f5 gxf5+
60. Kxf5 Rd6 61. Ke5 Kg6 62. Rg3 Ra6 63. Rg4 Ra5 64. Rg1 Ra2 65. Rg3 Re2+ 66.
Kd4 Rd2+ 67. Kc5 Rc2+ 68. Kb6 Rb2+ 69. Kc6 Rc2+ 70. Kd7 Re2 71. Kd8 Re5 72. Kd7
Rxd5+ 73. Kxe7 Re5+ 74. Kd6 Rxg5 75. Rf3 Rf5 76. Rg3+ Rg5 77. Rf3 f5 78. Ke5 Rh5
79. Kf4 Rh4+ 80. Kg3 Rg4+ 81. Kf2 Kg5 82. Ra3 Rb4 83. Rc3 Kf4 84. Ra3 Rb2+ 85.
Kf1 Rh2 86. Rb3 Kg4 87. Rc3 f4 88. Rc8 Ra2 89. Rg8+ Kf3 90. Kg1 Ke3 91. Re8+ Kf3
92. Rf8 Rg2+ 93. Kf1 Ra2 94. Kg1 Re2 95. Rf7 Re3 96. Rf8 Re4 97. Rg8 Re3 98. Rf8
Re1+ 99. Kh2 Re4 100. Rg8 Ke3 101. Rf8 f3 102. Kg3 Ra4 103. Rxf3+ Kd2 104. Rf2+
Kc3 105. Rf3+ Kb2 106. Rf2+ Ka3 107. Rf3+ Ka2 108. Rf2+ Ka3 109. Rf3+ Ka2 110.
Rf2+ Ka3 1/2-1/2

[Event "ch-FRA Blitz Online Qual"]
[Site "Europe-Chess INT"]
[Date "2020.05.16"]
[Round "15"]
[White "Demarche, Laurent"]
[Black "Hetier, Thomas"]
[Result "1-0"]
[WhiteElo "1835"]
[BlackElo "1598"]
[WhiteFideId "609757"]
[BlackFideId "45146586"]
[EventDate "2020.05.16"]

1. d3 d5 2. Nd2 Nf6 3. e4 dxe4 4. dxe4 e5 5. Ngf3 Nc6 6. Be2 Bd6 7. O-O O-O 8.
c3 Be6 9. Ng5 Bc8 10. b4 h6 11. Ngf3 Ne7 12. Qc2 Ng6 13. Nc4 c5 14. Rd1 b5 15.
Nxd6 Bg4 16. Nxb5 Qb6 17. Rd6 Qb7 18. a4 Nxe4 19. Rd1 cxb4 20. cxb4 Rac8 21. Qd3
a6 22. Nd6 Nxd6 23. Qxd6 Rfd8 24. Qxd8+ Rxd8 25. Rxd8+ Kh7 26. Be3 Qxb4 27. h3
Be6 28. a5 Qc3 29. Rdd1 f6 30. Bxa6 e4 31. Nd4 Bf7 32. Be2 Ne5 33. a6 Bd5 34. a7
Ba8 35. Nb5 Qc6 36. Rdc1 Qd7 37. Nc7 Bb7 38. a8=Q Bxa8 39. Nxa8 Nd3 40. Rd1 Qd5
41. Nb6 Qd6 42. Bxd3 exd3 43. Rd2 Kg6 44. Rad1 Qb4 45. Rxd3 h5 46. Nd5 Qb2 47.
Nf4+ Kh7 48. Nxh5 f5 49. Nf4 g5 50. Ne6 f4 51. Bc1 Qe2 52. Nxg5+ Kh6 53. Nf3 Kg6
54. Bxf4 Qa2 55. Rd6+ Kf7 56. h4 Ke7 57. h5 Kf7 58. h6 Kg8 59. Rd7 Kh8 60. Be5+
Kg8 61. h7+ Kf8 62. h8=R+ Qg8 63. Rd8+ Kf7 64. Rhxg8 Ke6 65. R1d6+ Kf5 66. Rdf8+
Ke4 67. Rd4# 1-0

[Event "ch-FRA Blitz Online Qual"]
[Site "Europe-Chess INT"]
[Date "2020.05.16"]
[Round "15"]
[White "Morais, Thomas"]
[Black "Larmet, Nino"]
[Result "0-1"]
[WhiteElo "1710"]
[BlackElo "1818"]
[WhiteFideId "36034703"]
[BlackFideId "45105219"]
[EventDate "2020.05.16"]

1. e4 e5 2. f4 exf4 3. Nf3 d6 4. Bc4 h6 5. O-O g5 6. c3 Bg7 7. d4 Nc6 8. g3 Bh3
9. Rf2 fxg3 10. hxg3 Nf6 11. Be3 Ng4 12. Bxf7+ Ke7 13. Qb3 Nxf2 14. Bxf2 Rf8 15.
Bd5 Rxf3 16. Qxb7 Rxf2 17. Kxf2 Qf8+ 18. Ke3 Na5 19. Qxa8 Qxa8 20. Bxa8 Nc4+ 21.
Ke2 Nxb2 22. Nd2 Bg4+ 23. Ke3 Na4 24. Bc6 Nxc3 25. Nb1 Nd1+ 26. Kd2 Bxd4 27. Nc3
Bxc3+ 0-1

[Event "ch-FRA Blitz Online Qual"]
[Site "Europe-Chess INT"]
[Date "2020.05.16"]
[Round "15"]
[White "Alif, Yassine"]
[Black "Bag, Ayoub"]
[Result "1-0"]
[WhiteElo "1874"]
[BlackElo "1467"]
[WhiteFideId "45107203"]
[BlackFideId "551012308"]
[EventDate "2020.05.16"]

1. d4 e6 2. c4 d5 3. Nc3 Nf6 4. Nf3 c5 5. Bg5 cxd4 6. Nxd4 dxc4 7. e3 Be7 8.
Bxc4 O-O 9. O-O b6 10. Qf3 Ba6 11. Bxa6 Nxa6 12. Nc6 Qc7 13. Nxe7+ Qxe7 14. Ne4
Nc5 15. Nxf6+ gxf6 16. Bxf6 Qd6 17. Qg4# 1-0

[Event "ch-FRA Blitz Online Qual"]
[Site "Europe-Chess INT"]
[Date "2020.05.16"]
[Round "15"]
[White "Falip Morales, Tom"]
[Black "Nguyen, Thao Nhi"]
[Result "0-1"]
[WhiteElo "1344"]
[BlackElo "1951"]
[WhiteFideId "45181764"]
[BlackFideId "36000310"]
[EventDate "2020.05.16"]

1. e4 Nf6 2. e5 Nd5 3. d4 d6 4. f4 dxe5 5. fxe5 Bf5 6. Nf3 e6 7. Bd3 Bg4 8. O-O
c5 9. h3 Bxf3 10. Qxf3 Qd7 11. c4 Nb4 12. d5 Nxd3 13. Qxd3 Nc6 14. Bf4 exd5 15.
cxd5 Nb4 16. Qe2 Qxd5 17. Rd1 Qc6 18. a3 Nd5 19. Bh2 Be7 20. Qe4 Rd8 21. Nc3
Nxc3 22. Qxc6+ bxc6 23. Rxd8+ Bxd8 24. bxc3 Ba5 25. Rb1 Ke7 26. Rb7+ Ke6 27.
Rxa7 Bxc3 28. Rc7 Ra8 29. Rxc6+ Kd5 30. Rd6+ Ke4 31. Rd7 Bd4+ 32. Kf1 Rxa3 33.
Rxf7 Ra1+ 34. Ke2 Ra2+ 35. Kf1 c4 36. e6 Ra6 37. e7 Re6 38. Bd6 c3 39. Rf8 c2
40. Ba3 Bc5 0-1

[Event "ch-FRA Blitz Online Qual"]
[Site "Europe-Chess INT"]
[Date "2020.05.16"]
[Round "15"]
[White "Droulout, Paul"]
[Black "Spagnoli, Benjamin"]
[Result "0-1"]
[WhiteElo "1176"]
[BlackElo "1770"]
[WhiteFideId "45109770"]
[BlackFideId "20667116"]
[EventDate "2020.05.16"]

1. e4 c5 2. Nf3 d6 3. d4 cxd4 4. Nxd4 Nf6 5. Nc3 g6 6. Be2 Bg7 7. Be3 O-O 8. O-O
Nc6 9. f3 Bd7 10. Qd2 Rc8 11. Nxc6 Bxc6 12. Bh6 Qb6+ 13. Kh1 Qxb2 14. Rab1 Bxh6
15. Qxh6 Qxc3 16. Bd3 Qe5 17. f4 Qh5 18. Qxh5 gxh5 0-1

[Event "ch-FRA Blitz Online Qual"]
[Site "Europe-Chess INT"]
[Date "2020.05.16"]
[Round "15"]
[White "Mouret, Paul"]
[Black "Oumer, Walid"]
[Result "1/2-1/2"]
[WhiteElo "1748"]
[BlackElo "1365"]
[WhiteFideId "36059170"]
[BlackFideId "551016630"]
[EventDate "2020.05.16"]

1. e4 c5 2. Nc3 Nc6 3. g3 d6 4. Bg2 Nf6 5. d3 g6 6. Be3 Bg7 7. h3 O-O 8. Qd2 e6
9. Nge2 Qd7 10. g4 b6 11. Ng3 Bb7 12. g5 Ne8 13. h4 Nc7 14. h5 d5 15. exd5 exd5
16. Nce2 Bxb2 17. Rb1 Bg7 18. Bxc5 bxc5 19. Rxb7 Rab8 20. Rxb8 Rxb8 21. O-O Rb2
22. a4 Nb4 23. Rc1 Qxa4 24. Qf4 Ne6 25. Qb8+ Nf8 26. Bxd5 Nxd5 27. Qxb2 Bxb2 28.
Rb1 Qa2 29. Re1 Ne6 30. hxg6 hxg6 31. Ne4 Nb4 32. Nf6+ Kg7 33. Kg2 Bxf6 34.
gxf6+ Kxf6 35. Ng3 Ng5 36. f4 Ne6 37. Ne4+ Kg7 38. Kf3 Qxc2 39. Rh1 Qxd3+ 40.
Kg4 Qxe4 41. Kg3 Qxf4+ 42. Kg2 Nd4 43. Kg1 Ne2+ 44. Kg2 Nd3 45. Rh3 Qf2+ 46. Kh1
Ng3+ 47. Rxg3 Qxg3 1/2-1/2

[Event "ch-FRA Blitz Online Qual"]
[Site "Europe-Chess INT"]
[Date "2020.05.16"]
[Round "15"]
[White "Thibous, Mathis"]
[Black "Goyer, Lionel"]
[Result "1-0"]
[WhiteElo "1313"]
[BlackElo "1782"]
[WhiteFideId "45163014"]
[BlackFideId "20628706"]
[EventDate "2020.05.16"]

1. d4 c6 2. c4 d5 3. Nc3 dxc4 4. e4 g6 5. Bxc4 Bg7 6. Nf3 e6 7. O-O Ne7 8. a3
O-O 9. b4 b6 10. Bb2 Bb7 11. Re1 Nd7 12. Qe2 Nc8 13. e5 Ne7 14. Ne4 Nf5 15. h3
a5 16. g4 Ne7 17. g5 Nf5 18. Nf6+ Kh8 19. Qe4 Rb8 20. Nh4 c5 21. Qg4 cxd4 22.
Nxf5 exf5 23. Qxd4 h5 24. Qxd7 Qxd7 25. Nxd7 Rbc8 26. Nxf8 Rxc4 27. Nd7 Rh4 28.
Kh2 Rf4 29. Re2 Ba6 30. Rd2 Bb5 31. Nf6 Bxf6 32. gxf6 Bc6 33. e6 fxe6 34. f7+ 1-0

[Event "ch-FRA Blitz Online Qual"]
[Site "Europe-Chess INT"]
[Date "2020.05.16"]
[Round "15"]
[White "Commin-Humeau, Augustin"]
[Black "Fraile, Lucas"]
[Result "1-0"]
[WhiteElo "1971"]
[BlackElo "1276"]
[WhiteFideId "26093006"]
[BlackFideId "45146322"]
[EventDate "2020.05.16"]

1. e4 c6 2. c4 d5 3. cxd5 cxd5 4. exd5 Nf6 5. Nc3 Nxd5 6. Nf3 Nxc3 7. bxc3 Nc6
8. d4 Bg4 9. h3 Bh5 10. Be2 e6 11. O-O Be7 12. Rb1 Qc7 13. Be3 O-O 14. Qd2 Rad8
15. Bf4 Bd6 16. Bg5 Be7 17. Be3 e5 18. d5 Na5 19. Bxa7 Ra8 20. Bb6 Qd6 21. Rb5
Qa3 22. Nxe5 Bxe2 23. Qxe2 Rfe8 24. Qh5 g6 25. Qf3 f6 26. Nd7 Kg7 27. Re1 1-0

[Event "ch-FRA Blitz Online Qual"]
[Site "Europe-Chess INT"]
[Date "2020.05.16"]
[Round "15"]
[White "Laville, Renaud"]
[Black "Dincov, Ioan"]
[Result "1-0"]
[WhiteElo "1774"]
[BlackElo "1549"]
[WhiteFideId "640247"]
[BlackFideId "45118612"]
[EventDate "2020.05.16"]

1. d4 e5 2. dxe5 Nc6 3. Nf3 Qe7 4. Bf4 Qb4+ 5. Bd2 Qxb2 6. Nc3 Bb4 7. Rb1 Qa3 8.
Rb3 Qa5 9. a3 Bc5 10. Nb5 Qb6 11. Nd6+ cxd6 12. Rxb6 Bxb6 13. exd6 Nf6 14. e3
O-O 15. Bd3 Re8 16. O-O Ne5 17. Bc3 Nxf3+ 18. Qxf3 Nd5 19. Bxh7+ Kxh7 20. Qh5+
Kg8 21. Qxd5 Re6 22. h4 Bd8 23. g3 Bf6 24. Bxf6 Rxf6 25. Kg2 Rb8 26. e4 b6 27.
f3 Bb7 28. Qe5 Re6 29. Qf4 Rc8 30. Rf2 Rc6 31. e5 Rc3 32. g4 Rxa3 33. Qc4 Bc6
34. Qf4 Ra5 35. Re2 Rc5 36. Qg5 Rc3 37. Re3 Rxc2+ 38. Kg3 a5 39. h5 b5 40. Qd8+
Kh7 41. g5 Rc5 42. f4 b4 43. Kg4 Rc3 44. Rxc3 bxc3 45. Qxa5 c2 46. Qc3 Be4 47.
f5 Re8 48. Kf4 Ra8 49. Kxe4 Ra4+ 50. Kd3 Ra2 51. Kd2 g6 52. hxg6+ fxg6 53. e6
dxe6 54. fxe6 Ra6 55. Qf6 Rxd6+ 56. Kxc2 Rc6+ 57. Kd3 Rc7 58. e7 Rd7+ 59. Ke4
Kg8 60. Qf8+ Kh7 61. Qh6+ Kg8 62. e8=Q# 1-0

[Event "ch-FRA Blitz Online Qual"]
[Site "Europe-Chess INT"]
[Date "2020.05.16"]
[Round "15"]
[White "Guillou, Paul"]
[Black "Ros, David"]
[Result "0-1"]
[WhiteElo "1157"]
[BlackElo "1767"]
[WhiteFideId "551031140"]
[BlackFideId "36079103"]
[EventDate "2020.05.16"]

1. d4 Nf6 2. c4 g6 3. Nc3 d5 4. e3 Bg7 5. Nf3 O-O 6. Be2 dxc4 7. Bxc4 c5 8. O-O
Bg4 9. Be2 Nc6 10. dxc5 Qa5 11. Bd2 Qxc5 12. Rc1 Qb6 13. Na4 Qd8 14. Nc5 b6 15.
Na4 Rc8 16. Bb5 Ne5 17. Rxc8 Qxc8 18. Be2 Rd8 19. h3 Bxf3 20. Bxf3 Nxf3+ 21.
gxf3 Qxh3 22. Qc2 Qxf3 23. Rc1 Ng4 24. Bb4 Qh3 25. Bxe7 Qh2+ 26. Kf1 Rd1+ 27.
Rxd1 Nxe3+ 28. fxe3 Qxc2 29. Rd8+ Bf8 30. Rxf8+ Kg7 31. b3 Qxa2 32. Ra8 Qb1+ 33.
Ke2 Qc2+ 34. Kf3 Qc6+ 35. Ke2 Qxa8 36. Ba3 h5 37. Bb2+ f6 38. Nc3 Qg2+ 39. Kd3
Qxb2 0-1